|
|
|
|
| LEADER |
01741nam a22002777a 4500 |
| 001 |
28251 |
| 003 |
BD-DhAAL |
| 008 |
141113s2014 bg 000 0 eng d |
| 999 |
|
|
|c 33034
|d 33034
|
| 020 |
|
|
|a 9789849066002
|
| 041 |
|
|
|a ben
|
| 082 |
0 |
0 |
|2 22
|a 891.44
|
| 100 |
1 |
|
|a জলদাস, হরিশংকর
|9 6005
|
| 245 |
0 |
0 |
|a আমি মৃণালিনী নই /
|c হরিশংকর জলদাস।
|
| 246 |
|
|
|a Ami Mrinalini Nai
|
| 260 |
|
|
|a ঢাকাঃ
|b প্রথমা প্রকাশন,
|c ২০১৪
|
| 300 |
|
|
|a ১৬৭ পৃষ্ঠা :
|c ২২ সে. মি.
|
| 500 |
|
|
|a A novel in Bangla
|
| 541 |
|
|
|e 28251
|
| 650 |
|
0 |
|a Bengali Fiction
|9 6008
|
| 942 |
|
|
|2 ddc
|c BK
|0 5
|
| 952 |
|
|
|0 0
|1 0
|2 ddc
|4 0
|6 891_440000000000000_JAL
|7 0
|9 44042
|a BRACUL
|b BRACUL
|c GEN
|d 2014-11-13
|e Karim International
|g 280.00
|l 29
|m 163
|o 891.44 JAL
|p 3010028251
|r 2026-04-23
|s 2026-04-18
|t 1
|w 2014-11-13
|y BK
|
| 952 |
|
|
|0 0
|1 0
|2 ddc
|4 0
|6 891_440000000000000_JAL
|7 0
|9 44043
|a BRACUL
|b BRACUL
|c GEN
|d 2014-11-13
|e Karim International
|g 280.00
|l 23
|m 111
|o 891.44 JAL
|p 3010028252
|r 2025-08-31
|s 2025-02-11
|t 2
|w 2014-11-13
|y BK
|
| 952 |
|
|
|0 0
|1 4
|2 ddc
|4 0
|6 891_440000000000000_JAL
|7 0
|9 44044
|a BRACUL
|b BRACUL
|c GEN
|d 2014-11-13
|e Karim International
|g 280.00
|l 2
|m 18
|o 891.44 JAL
|p 3010028253
|r 2015-11-08
|s 2015-10-10
|t 3
|w 2014-11-13
|y BK
|x Koha Inventory 2020
|
| 952 |
|
|
|0 0
|1 0
|2 ddc
|4 0
|6 891_440000000000000_JAL
|7 0
|9 44045
|a BRACUL
|b BRACUL
|c GEN
|d 2014-11-13
|e Karim International
|g 280.00
|l 29
|m 90
|o 891.44 JAL
|p 3010028254
|q 2025-07-17
|r 2024-05-06
|s 2024-05-06
|t 4
|w 2014-11-13
|y BK
|
| 952 |
|
|
|0 0
|1 0
|2 ddc
|4 0
|6 891_440000000000000_JAL
|7 0
|9 44046
|a BRACUL
|b BRACUL
|c GEN
|d 2014-11-13
|e Karim International
|g 280.00
|l 17
|m 65
|o 891.44 JAL
|p 3010028255
|r 2026-05-18
|s 2025-12-22
|t 5
|w 2014-11-13
|y BK
|